<?xml version="1.0" encoding="UTF-8"?>
<record
    xmlns:xsi="http://www.w3.org/2001/XMLSchema-instance"
    xsi:schemaLocation="http://www.loc.gov/MARC21/slim http://www.loc.gov/standards/marcxml/schema/MARC21slim.xsd"
    xmlns="http://www.loc.gov/MARC21/slim">

  <leader>00834nam a22002297a 4500</leader>
  <controlfield tag="005">20240404135258.0</controlfield>
  <controlfield tag="008">240404b           ||||| |||| 00| 0 eng d</controlfield>
  <datafield tag="020" ind1=" " ind2=" ">
    <subfield code="a">9789355734556</subfield>
  </datafield>
  <datafield tag="040" ind1=" " ind2=" ">
    <subfield code="c">AIMIT LIBRARY</subfield>
  </datafield>
  <datafield tag="082" ind1=" " ind2=" ">
    <subfield code="2">14</subfield>
    <subfield code="a">658.15</subfield>
    <subfield code="b">MOYR</subfield>
  </datafield>
  <datafield tag="100" ind1=" " ind2=" ">
    <subfield code="a">Moyer, R Charles.</subfield>
    <subfield code="9">158560</subfield>
  </datafield>
  <datafield tag="245" ind1=" " ind2=" ">
    <subfield code="a">Contemporary financial management /</subfield>
    <subfield code="c">By R Charles Moyer , James R McGuigan and Ramesh P Rao.</subfield>
  </datafield>
  <datafield tag="250" ind1=" " ind2=" ">
    <subfield code="a">14th ed.</subfield>
  </datafield>
  <datafield tag="260" ind1=" " ind2=" ">
    <subfield code="a">New Delhi :</subfield>
    <subfield code="b">Cengage Learning ,</subfield>
    <subfield code="c">2023.</subfield>
  </datafield>
  <datafield tag="300" ind1=" " ind2=" ">
    <subfield code="a">xxxiv,838,T-6,G-15,S-28,C-3,I-17P. ;</subfield>
    <subfield code="b">PB</subfield>
    <subfield code="c">25.3 cm</subfield>
  </datafield>
  <datafield tag="650" ind1=" " ind2=" ">
    <subfield code="a">Detetminants of valuation</subfield>
    <subfield code="9">158561</subfield>
  </datafield>
  <datafield tag="650" ind1=" " ind2=" ">
    <subfield code="a">Working capital management</subfield>
    <subfield code="9">158562</subfield>
  </datafield>
  <datafield tag="650" ind1=" " ind2=" ">
    <subfield code="a">Additional topics in contemporary financial management</subfield>
    <subfield code="9">158563</subfield>
  </datafield>
  <datafield tag="700" ind1=" " ind2=" ">
    <subfield code="a">McGuigan, James R.</subfield>
    <subfield code="9">158564</subfield>
  </datafield>
  <datafield tag="700" ind1=" " ind2=" ">
    <subfield code="a">Rao, Ramesh P.</subfield>
    <subfield code="9">158565</subfield>
  </datafield>
  <datafield tag="942" ind1=" " ind2=" ">
    <subfield code="2">ddc</subfield>
    <subfield code="c">BK</subfield>
    <subfield code="e">14th</subfield>
    <subfield code="k">658.15 MOYR</subfield>
  </datafield>
  <datafield tag="999" ind1=" " ind2=" ">
    <subfield code="c">230664</subfield>
    <subfield code="d">230664</subfield>
  </datafield>
  <datafield tag="952" ind1=" " ind2=" ">
    <subfield code="0">0</subfield>
    <subfield code="1">0</subfield>
    <subfield code="2">ddc</subfield>
    <subfield code="4">0</subfield>
    <subfield code="7">0</subfield>
    <subfield code="8">MBA</subfield>
    <subfield code="a">AIMIT</subfield>
    <subfield code="b">AIMIT</subfield>
    <subfield code="d">2024-03-09</subfield>
    <subfield code="e">Biblios Book Point</subfield>
    <subfield code="g">1099.00</subfield>
    <subfield code="i">Bill no:8339; Bill dt:2024-03-4</subfield>
    <subfield code="l">0</subfield>
    <subfield code="o">658.15 MOYR</subfield>
    <subfield code="p">MBA14703</subfield>
    <subfield code="r">2026-05-23 00:00:00</subfield>
    <subfield code="v">879.20</subfield>
    <subfield code="w">2024-04-04</subfield>
    <subfield code="y">BK</subfield>
  </datafield>
</record>
